Zdravotníctvo a financie

Zdôvodnenie návrhu zákona o zdravotnom poistení, financovaní zdravotného poistenia a o zriaďovaní rezortných odvetvových, podnikových a občianskych zdravotných poisťovní, ktorým sa mení a dopĺňa zákon Národnej rady Slovenskej republiky č. 273/1994 Z.z.

Saved in:
Bibliographic Details
Format: Book Chapter
Language:Slovak
Subjects:
Tags: Add Tag
No Tags, Be the first to tag this record!

MARC

LEADER 00000naa a2200000 4500
001 r034196
005 20230606080014.5
041 0 |a slo 
044 |a SK 
245 1 0 |a Zdravotníctvo a financie 
520 |a Zdôvodnenie návrhu zákona o zdravotnom poistení, financovaní zdravotného poistenia a o zriaďovaní rezortných odvetvových, podnikových a občianskych zdravotných poisťovní, ktorým sa mení a dopĺňa zákon Národnej rady Slovenskej republiky č. 273/1994 Z.z. 
610 2 0 |a zdravotníctvo verejné 
610 2 0 |a zákony 
610 2 0 |a novelizácia 
610 2 0 |a poisťovne zdravotné 
610 2 0 |a poistenie zdravotné 
610 2 0 |a tripartita 
610 2 0 |a poistenci 
610 2 0 |a organizácie verejnoprospešné 
610 2 0 |a organizácie zamestnávateľov 
610 2 0 |a Slovensko